Entrepreneurship in handloom clusters: a case study of Thenzawl, Mizoram (Record no. 13670)
[ view plain ]
| 000 -LEADER | |
|---|---|
| fixed length control field | 00513nam a2200169Ia 4500 |
| 082 ## - DEWEY DECIMAL CLASSIFICATION NUMBER | |
| Classification number | TR.0395 |
| 100 ## - MAIN ENTRY--AUTHOR NAME | |
| Personal name | Rama Ramswamy |
| 245 #0 - TITLE STATEMENT | |
| Title | Entrepreneurship in handloom clusters: a case study of Thenzawl, Mizoram |
| 260 ## - PUBLICATION, DISTRIBUTION, ETC. (IMPRINT) | |
| Year of publication | 2010 |
| Name of publisher | Mizoram University |
| 300 ## - PHYSICAL DESCRIPTION | |
| Number of Pages | xv, 361 |
| 504 ## - BIBLIOGRAPHY, ETC. NOTE | |
| Bibliography, etc | includes bibliography |
| 650 ## - SUBJECT ADDED ENTRY--TOPICAL TERM | |
| Topical Term | Business enterprises |
| Form subdivision | India |
| -- | Thenzawl |
| 650 ## - SUBJECT ADDED ENTRY--TOPICAL TERM | |
| Topical Term | Handloom Industry |
| Form subdivision | India |
| -- | Thenzawl |
| 650 ## - SUBJECT ADDED ENTRY--TOPICAL TERM | |
| Topical Term | Textile Industry |
| Form subdivision | India |
| -- | Thenzawl |
| 710 ## - ADDED ENTRY--CORPORATE NAME | |
| Corporate name or jurisdiction name as entry element | Jyoti Kumar, NVR |
| 942 ## - ADDED ENTRY ELEMENTS (KOHA) | |
| Koha item type | Thesis |
| Source of classification or shelving scheme | Dewey Decimal Classification |
| Withdrawn status | Lost status | Damaged status | Not for loan | Home library | Current library | Date acquired | Bill Date | Full call number | Accession Number | Price effective from | Koha item type |
|---|---|---|---|---|---|---|---|---|---|---|---|
| NASSDOC Library | NASSDOC Library | 09/03/2012 | 2012-02-22 | TR.0395 | 47501 | 18/04/2019 | Thesis |
